| 000 | 00433nam a2200157Ia 4500 | ||
|---|---|---|---|
| 005 | 20250429070838.0 | ||
| 008 | 240331s9999 xx 000 0 und d | ||
| 082 |
_bTHA _a294 |
||
| 100 | _aThamlzshelvan, Sa | ||
| 245 | 0 |
_aNattar Deivangal-Namathu Nesa Ani : _bActivist Handbook |
|
| 260 |
_aGopalapuram _bSouth Vision _c2003 |
||
| 300 | _a32 p ., | ||
| 650 | _aCultural Hegemony | ||
| 650 | _aInstitutionalised Religions | ||
| 942 | _cL | ||
| 999 |
_c3558 _d3558 |
||